Musique - One Hit Wonders #1 (Succès sans lendemain) - Statistiques

Statistiques générales
  • Ce quiz a été pris 83 fois
  • Le résultat moyen est 10 sur 20
Statistiques - réponses
Single Année Artiste/Groupe % Correct
Gangnam Style 2012 Psy
90%
Take On Me 1985 a-ha
82%
Voyage, Voyage 1986 Desireless
82%
La Tribu de Dana 1998 Manau
82%
Barbie Girl 1997 Aqua
80%
I Will Survive 1978 Gloria Gaynor
73%
Femme Like U 2004 K.Maro
70%
Ça plane pour moi 1977 Plastic Bertrand
70%
The Ketchup Song (Asereje) 2002 Las Ketchup
63%
Femme libérée 1984 Cookie Dingler
56%
L'horloge tourne 2011 Mickaël Miro
42%
Tainted Love 1981 Soft Cell
39%
Video Killed the Radio Star 1980 The Buggles
30%
Ice Ice Baby 1990 Vanilla Ice
30%
Lemon tree 1995 Fools Garden
28%
Feel It Still 2017 Portugal. The Man
15%
'74-'75 1993 The Connells
15%
Pump Up the Jam 1989 Technotronic
8%
Kernkraft 400 1999 Zombie Nation
3%
Stacy's Mom 2003 Fountains of Wayne
1%
Aucun quiz correspondant
Distribution des résultats
% des personnes avec chaque résultat
Percentile par nombre de réponses
Votre historique - résultats
Vous n’avez pas pris ce quiz